Electronics : circuits and devices /
This book is about: Circuits and signals; Electronic devices; Digital electronics; Analog electronics; ...
Spremljeno u:
| Glavni autor: | |
|---|---|
| Format: | Knjiga |
| Jezik: | English |
| Izdano: |
New York :
John Wiley and Sons,
1987.
|
| Izdanje: | 3rd ed. |
| Teme: | |
| Oznake: |
Dodaj oznaku
Bez oznaka, Budi prvi tko označuje ovaj zapis!
|
| Thư viện lưu trữ: | Mạng thư viện Đại học Đà Nẵng |
|---|
| LEADER | 00937cam a2200337 i 4500 | ||
|---|---|---|---|
| 001 | 000048770 | ||
| 003 | 8495 | ||
| 005 | 20051111141315.0 | ||
| 008 | 010324b1987 vm 000 eng | ||
| 020 | |a 0471844462 | ||
| 040 | |a IRC |c IRC |d IRC | ||
| 041 | 0 | |a eng | |
| 082 | 1 | 4 | |a 621.381 |b SM-R |
| 100 | 1 | |a Smith, Ralph J. |q (Ralph Judson) | |
| 245 | 0 | 0 | |a Electronics : |b circuits and devices / |c Ralph J. Smith. |
| 250 | |a 3rd ed. | ||
| 260 | |a New York : |b John Wiley and Sons, |c 1987. | ||
| 300 | |a 476 p. ; |c 23.5cm. | ||
| 520 | 3 | |a This book is about: Circuits and signals; Electronic devices; Digital electronics; Analog electronics; ... | |
| 630 | 0 | 4 | |a Electronics. |
| 650 | 0 | 4 | |a Electronics. |
| OWN | |a DUT | ||
| 999 | |a From the UDN01 | ||
| TYP | |a Monograph | ||
| TYP | |a Printed language | ||
| 980 | |a Mạng thư viện Đại học Đà Nẵng | ||


